Sports Quiz

Random Sports or Baseball Quiz

MLB Logos Quiz Stats

 Plays Quiz Updated Dec 13, 2018

Score 0/30 Timer 05:00
11 Plays Today
% Correct
Chicago White Sox
95.9%
Boston Red Sox
95.5%
Toronto Blue Jays
95.4%
New York Yankees
95.4%
Chicago Cubs
95.2%
New York Mets
92.4%
Los Angeles Angels
89.7%
Houston Astros
89%
Arizona Diamondbacks
88.8%
St. Louis Cardinals
88.2%
Oakland A's
88%
Pittsburgh Pirates
87.7%
Miami Marlins
87.1%
Atlanta Braves
87.1%
Colorado Rockies
86.2%
% Correct
San Diego Padres
85.6%
Kansas City Royals
85.3%
Detroit Tigers
83.9%
Baltimore Orioles
83.1%
Philadelphia Phillies
83%
Cincinnati Reds
82.8%
Washington Nationals
82.1%
Texas Rangers
82.1%
Seattle Mariners
79.4%
Los Angeles Dodgers
79.2%
Cleveland Indians
79.1%
Tampa Bay Rays
75.7%
Minnesota Twins
71%
Milwaukee Brewers
65.5%
San Francisco Giants
64.9%

You're not logged in!

Compare scores with friends on all Sporcle quizzes.
OR
Log In

Show Comments

Extras

Top Quizzes Today


Score Distribution

Your Account Isn't Verified!

In order to create a playlist on Sporcle, you need to verify the email address you used during registration. Go to your Sporcle Settings to finish the process.

Report this User

Report this user for behavior that violates our Community Guidelines.

Details: